|
|
|
|
| LEADER |
00000cam a2200000 7i4500 |
| 001 |
0000009053 |
| 002 |
000009863 |
| 005 |
20000330.0 |
| 020 |
|
|
|a 9830571084
|
| 090 |
0 |
0 |
|a 332
|b WSU
|
| 100 |
1 |
|
|a W.S.Uzala
|
| 245 |
1 |
0 |
|a Sabtu,hari inflasi sifar
|c W.S.Uzala
|
| 260 |
|
|
|a Kuala Lumpur :
|b Goodmark Enterprise ,
|c 1996
|
| 300 |
|
|
|a 60 p. :
|b ill. ;
|c 17 cm.
|
| 490 |
0 |
|
|a Motivasi mengawal diri
|
| 650 |
0 |
0 |
|a Inflation
|
| 999 |
|
|
|a 051703
|b BUKU
|c PINJAMAN
|e PERPUSTAKAAN KOMUNITI PETALING JAYA
|
| 999 |
|
|
|a 051705
|b BUKU
|c PINJAMAN
|e PERPUSTAKAAN KOMUNITI PETALING JAYA
|
| 999 |
|
|
|a 053769
|b BUKU
|c PINJAMAN
|e PERPUSTAKAAN KOMUNITI CAW KOTA DAMANSARA
|